01554nam a2200349 a 4500001001000000003000500010005001700015008004100032010001100073011001100084040000900095090001000104100003800114245017200152260004100324500006000365502010200425590004100527590004100568590004100609590004000650590004000690650005700730650006200787856007000849901000700919942001000926942000600936999001900942952012400961952011901085000108995CHAP20220329144033.0140327s2013 mx sm |||||||spa d a105457 a106429 cCHAP aTesis1 aVelázquez López, Juan912608210aAnálisis del desarrollo rural en el Estado de México, 2000-2010 (municipio de Temascaltepec, planes, locales México)h[En línea]cpor Juan Velázquez López. aChapingo, Méx. :bEl autor,c2013. aPara ver el contenido del material haga clic en la liga aTesis (Lic. en Economía Agrícola) -- UACH. División de Ciencias Económico Administrativas aBATCH-UPDb05c20140327lUCH01h0855 aBATCH-UPDb10c20141002lUCH01h0858 aE11695DGDb10c20140402lUCH01h1254 aE5765TAJb05c20140327lUCH01h0854 aE5765TAJb05c20140327lUCH01h085914aAgriculturaxProductividadzMéxico (Edo.).912608514aDesarrollo de la comunidad ruralzMéxico (Edo.).932042 aFinding aiduhttp://10.13.5.2/tesis/sist108995.pdfzTeclea aquí aBK cTESIS n0 c105457d105457 00102local40718TESISaBCbBCd2014-03-27fTESISl0oTesisp33724002388421r2019-12-31 00:00:00tc.2w2014-03-27yCD 00102local40718TESISaBCbBCd2014-03-27fTESISl0oTesisp33724002388462r2019-12-31 00:00:00w2014-03-27yCD